| 000 | 00727nam a22002057a 4500 | ||
|---|---|---|---|
| 005 | 20170508145552.0 | ||
| 020 |
_a9788126562077 _c699.00 |
||
| 035 | _aB-669753 | ||
| 037 |
_bAsian Book Centre/Ven _adpl |
||
| 037 |
_bABC/Ven. _adpl |
||
| 082 | _a004.6 | ||
| 100 | _aLowe, Doug | ||
| 245 |
_aNetworking: all-in-one for dummies a wiley brand/ _cby Doug Lowe |
||
| 250 | _a6th ed | ||
| 260 |
_aNew Delhi _b Wiley _c2016 |
||
| 270 |
_a4435-36/7, Ansari Road, Daryaganj, _bNew Delhi _e110002 |
||
| 300 |
_a879p.: _c23cm(pbk) _bill. |
||
| 942 |
_2ddc _cEN _h004.6 _mLOW |
||
| 999 |
_c139594 _d139594 |
||